000 00749nam a2200217Ii 4500
003 JO-AjNU
008 230605s9999||||xx |||||||||||||| ||und||
017 _a2010/14349
020 _a978-977-287-975-8
040 _aJO-AjNU
_bara
_erda
_cJO-AjNU
041 _aara
050 1 4 _aQA76.9 2010
100 3 _aاعداد عناني، عمرو,
_eauthor
_944527
245 0 0 _aاحترف استخدام برنامج مايكرو سوفت 2010: Power Point
264 3 1 _aالقاهرة:دار الكتب العلمية، 2010
300 _a166ص
336 _atext
_btxt
_2rdacontent
337 _aunmediated
_bn
_2rdamedia
338 _avolume
_bnc
_2rdacarrier
650 4 _aالحاسبات الالكترونية- برامج الحاسوب
_944528
999 _aA19233
_c22801
_d22801